Marxism today theoretical and discussion journal of the Communist Party

Na minha lista:
Detalhes bibliográficos
Formato: Periódico
Idioma:inglês
Publicado em: London Communist Party
Tags: Adicionar Tag
Sem tags, seja o primeiro a adicionar uma tag!

MARC

LEADER 00000nas1a2200000 4500
001 0012893
005 20250724094606.9
022 |a 0025-4118 
041 0 |a eng 
044 |a GB 
245 1 0 |a Marxism today  |b theoretical and discussion journal of the Communist Party 
264 1 |a London  |b Communist Party